00924nam a22002297a 450000500170000001000340001702000260005103500140007703500140009103700090010508200140011410000260012824500500015425000060020426000490021027001190025930000220037850000750040094200280047599900190050395201720052220260209103530.0 aDEC24SC ENG-142951 ENG-146361 a9789355017031c225.00 aEN-126483 aEN-129893 bDBAD a709.5421 a Singh Pavneet987203 aFactbook of Indian Culture/cBy Pavneet Singh a1 aNew DelhibS Chand and Company Limitedc2023 a A-27, 2nd Floor, Mohan Co-operative Industrial EstatebNew Delhie110044minfo@schandpublishing.comk011-49731800 ax,182p.c23cm(pb) a For UPSC Civil Services Preliminary and Other State PSC Examinations/ 2ddccENh709.54mPAVe1 c207575d207575 001040708NFICaRC3ANbRC3ANd2024-12-11eDelivery of Books Divisiong225.00l2m1o709.54 PAVpEN-129893r2026-01-29 00:00:00s2026-01-22t1v225.00w2024-12-11yEN